| 000 | 02067nam a2200433 i 4500 | ||
|---|---|---|---|
| 001 | DIGUNAD0009 | ||
| 003 | NyNyDIG | ||
| 007 | cr ||||||||||| | ||
| 008 | 240206s2022 ck a ob 000 0 spa d | ||
| 006 | m o d | ||
| 035 | _a(OCoLC)1422055481 | ||
| 040 |
_aDGITA _beng _erda _epn _cDGITA |
||
| 020 |
_a9789586518789 _qeBook |
||
| 020 | _z9789586518796 | ||
| 043 | _as-ck--- | ||
| 050 | 1 | 4 | _aRA644.C67 ebook |
| 100 | 1 |
_aVargas Hurtado, Gloria Isabel, _eauthor. |
|
| 245 | 1 | 0 |
_aElementos para el afrontamiento de riesgos emocionales y físicos por Covid-19 / _cautores, Gloria Isabel Vargas Hurtado [and 10 others]. |
| 264 | 1 |
_aBogotá, D.C. : _bSello Editorial UNAD, _c[2022] |
|
| 300 |
_a1 online resource : _bcolor illustrations. |
||
| 336 |
_atext _btxt _2rdacontent |
||
| 337 |
_acomputer _bc _2rdamedia |
||
| 338 |
_aonline resource _bcr _2rdacarrier |
||
| 347 |
_atext file _2rdaft |
||
| 347 | _bPDF | ||
| 500 | _a"Centro de Investigación y Acción Psicosocial y Comunitario (CIAPSC), Grupo de investigación: Pasos de Libertad y Cananguchales, Semillero de investigación Huellas Universitarias Neiva". | ||
| 500 | _a"Escuela de Ciencias Sociales, Artes y Humanidades-ECSAH ; Escuela de Ciencias Administrativas, Contables, Económicas y de Negocios-ECACEN". | ||
| 504 | _aIncludes bibliographical references. | ||
| 588 | 0 | _aOnline resource; title from PDF title page (Digitalia, viewed February 6, 2024) | |
| 650 | 0 |
_aCOVID-19 (Disease) _xPsychological aspects. |
|
| 650 | 0 | _aCOVID-19 Pandemic, 2020- | |
| 650 | 0 |
_aMental health _zColombia. |
|
| 791 | 2 |
_aDigitalia (Firm), _edistributor. |
|
| 793 | 0 |
_gDigitalia eBook Collection: _aUniversidad Nacional Abierta y a Distancia - UNAD |
|
| 776 | 0 | 8 |
_iPrint version: _aVargas Hurtado, Gloria Isabel. _tElementos para el afrontamiento de riesgos emocionales y físicos por Covid-19. _dBogotá, D.C. : Sello Editorial UNAD, [2022] _z9789586518796 |
| 856 | 4 | 0 |
_3Digitalia Hispánica _uhttps://www.digitaliapublishing.com/a/133613/ |
| 910 | _aPremium collection: 2024 | ||
| 942 | _cRAA | ||
| 999 |
_c282629 _d282629 |
||